000 02108cam a22005054i 4500
003 PE-LiUPU
005 20250731165459.0
008 150623s1998 enk rb 000 0 eng d
020 _a1850759278
035 _a(Sirsi) i9781850759270
040 _aPE-LiUPU
_bspa
_cPE-LiUPU
_erda
049 _aPRUA
082 0 4 _a221.07
_bJ
_221
100 1 _aSæbø, Magne,
_eautor.
245 1 0 _aOn the way to canon :
_bcreative tradition history in the Old Testament.
_n191 /
_cMagne Sæbø.
264 1 _aSheffield, Great Britain :
_bSheffield Academic Press,
_c1998.
300 _a401páginas ;
_c24 centímetros.
336 _atext
_2rdacontent
337 _aunmediated
_2rdamedia
338 _avolume
_2rdacarrier
490 0 _aJournal for the Study of the Old Testament. Supplement Series ;
_v191
504 _aIncluye bibliografía.
505 0 _aTraditio-historical perspectives in the Old Testament: introductory remarks -- Old testament text history as tradition history -- Tradition history: some texts.Tradition history: theological themes -- From pluriform tradition history to theological unity -- Writing the history of traditions: scholars of three centuries.
526 _aSEG44
526 _aSEG26
526 _aP151
526 _aP150
526 _aP149
526 _aP146
526 _aP145
526 _aP126
526 _aP125
526 _aP92
526 _aP75
526 _aP74
526 _aP27
526 _aP15
630 _aBiblia.
_pA.T.
_xCrítica, interpretación, etc.
942 _2ddc
_cBOOK
949 _aRC 221.07 J 191
_wDEWEY
_c1
_i45633
_lCCODEBUL1
_mBUL
_r0
_sY
_tBOOK
_u2015-6-24
_xTEOLOGIA
_PP35
_0COMPRA
_o.CIRCNOTE. No olvidar cambiar la fecha de devolución!!!!!!!
_o.STAFF. Colección General
994 _aC0
_bPEPRU
596 _a1
999 _aRC 221.07 J 191
_wDEWEY
_c22505
_i45633
_e2017-5-25
_f2021-11-8
_g6
_lCCODEBUL1
_mBUL
_n1
_p15.00
_r1
_sY
_tBOOK
_u2015-6-24
_xTEOLOGIA
_PP35
_0COMPRA
_o.CIRCNOTE. No olvidar cambiar la fecha de devolución!!!!!!!
_o.STAFF. Colección Teología
_d22505
980 _81
_gALBERTO SANCHEZ Responsable de Automatización